<?xml version='1.0' encoding='UTF-8'?>
  <record xmlns="http://www.loc.gov/MARC21/slim">
    <leader>00000cam a22000001i 4500</leader>
    <controlfield tag="001">ocm14856286</controlfield>
    <controlfield tag="003">OCoLC</controlfield>
    <controlfield tag="005">20250604171645.6</controlfield>
    <controlfield tag="008">821120s1812    fr a          000 0 fre  </controlfield>
    <datafield tag="040" ind1=" " ind2=" ">
      <subfield code="a">NLM</subfield>
      <subfield code="b">eng</subfield>
      <subfield code="c">NLM</subfield>
      <subfield code="d">IUL</subfield>
      <subfield code="d">JPG</subfield>
      <subfield code="d">OCLCF</subfield>
      <subfield code="d">OCLCQ</subfield>
      <subfield code="d">QGJ</subfield>
      <subfield code="d">OCLCQ</subfield>
      <subfield code="d">OCLCO</subfield>
      <subfield code="d">OCLCQ</subfield>
      <subfield code="d">OCLCL</subfield>
      <subfield code="d">OCLCQ</subfield>
      <subfield code="d">OCLCL</subfield>
    </datafield>
    <datafield tag="016" ind1="7" ind2=" ">
      <subfield code="a">67860500R</subfield>
      <subfield code="2">DNLM</subfield>
    </datafield>
    <datafield tag="019" ind1=" " ind2=" ">
      <subfield code="a">84154998</subfield>
    </datafield>
    <datafield tag="029" ind1="0" ind2=" ">
      <subfield code="a">NLM</subfield>
      <subfield code="b">67860500R</subfield>
    </datafield>
    <datafield tag="029" ind1="1" ind2=" ">
      <subfield code="a">NLGGC</subfield>
      <subfield code="b">275087182</subfield>
    </datafield>
    <datafield tag="035" ind1=" " ind2=" ">
      <subfield code="a">(OCoLC)14856286</subfield>
      <subfield code="z">(OCoLC)84154998</subfield>
    </datafield>
    <datafield tag="043" ind1=" " ind2=" ">
      <subfield code="a">e-fr---</subfield>
    </datafield>
    <datafield tag="050" ind1="1" ind2="4">
      <subfield code="a">Q185</subfield>
      <subfield code="b">.C44 1812</subfield>
    </datafield>
    <datafield tag="060" ind1="0" ind2="0">
      <subfield code="a">WW</subfield>
      <subfield code="b">C527c 1812</subfield>
    </datafield>
    <datafield tag="082" ind1="0" ind2="4">
      <subfield code="a">535</subfield>
      <subfield code="q">OCoLC</subfield>
      <subfield code="2">19/eng/20231120</subfield>
      <subfield code="1">https://id.oclc.org/worldcat/ddc/E3pw49pmP9yJhYDyWcrxPmwPqB</subfield>
    </datafield>
    <datafield tag="100" ind1="1" ind2=" ">
      <subfield code="a">Chevallier, J.-G.-A.</subfield>
      <subfield code="q">(Jean-Gabriel-Augustin),</subfield>
      <subfield code="d">1778-1848.</subfield>
      <subfield code="1">https://id.oclc.org/worldcat/entity/E39PBJq6XKQQPKBgrBXv7hRkDq</subfield>
    </datafield>
    <datafield tag="245" ind1="1" ind2="3">
      <subfield code="a">Le conservateur de la vue /</subfield>
      <subfield code="c">par J.G.A. Chevallier.</subfield>
    </datafield>
    <datafield tag="250" ind1=" " ind2=" ">
      <subfield code="a">2. éd., considérablement augm.</subfield>
    </datafield>
    <datafield tag="260" ind1=" " ind2=" ">
      <subfield code="a">Paris :</subfield>
      <subfield code="b">Chez l'auteur ...,</subfield>
      <subfield code="c">1812</subfield>
      <subfield code="e">(Paris :</subfield>
      <subfield code="f">Le Normant ...)</subfield>
    </datafield>
    <datafield tag="300" ind1=" " ind2=" ">
      <subfield code="a">2 volumes :</subfield>
      <subfield code="b">illustrations</subfield>
    </datafield>
    <datafield tag="336" ind1=" " ind2=" ">
      <subfield code="a">text</subfield>
      <subfield code="b">txt</subfield>
      <subfield code="2">rdacontent</subfield>
    </datafield>
    <datafield tag="337" ind1=" " ind2=" ">
      <subfield code="a">unmediated</subfield>
      <subfield code="b">n</subfield>
      <subfield code="2">rdamedia</subfield>
    </datafield>
    <datafield tag="338" ind1=" " ind2=" ">
      <subfield code="a">volume</subfield>
      <subfield code="b">nc</subfield>
      <subfield code="2">rdacarrier</subfield>
    </datafield>
    <datafield tag="561" ind1=" " ind2=" ">
      <subfield code="a">NLM copy, contains author's signature.</subfield>
      <subfield code="5">DNLM</subfield>
    </datafield>
    <datafield tag="650" ind1=" " ind2="0">
      <subfield code="a">Optical instruments.</subfield>
    </datafield>
    <datafield tag="650" ind1=" " ind2="0">
      <subfield code="a">Meteorological instruments.</subfield>
    </datafield>
    <datafield tag="650" ind1=" " ind2="0">
      <subfield code="a">Scientific apparatus and instruments</subfield>
      <subfield code="z">France.</subfield>
    </datafield>
    <datafield tag="650" ind1=" " ind2="6">
      <subfield code="a">Optique</subfield>
      <subfield code="x">Instruments.</subfield>
    </datafield>
    <datafield tag="650" ind1=" " ind2="6">
      <subfield code="a">Météorologie</subfield>
      <subfield code="x">Instruments.</subfield>
    </datafield>
    <datafield tag="650" ind1=" " ind2="6">
      <subfield code="a">Appareils et instruments scientifiques</subfield>
      <subfield code="z">France.</subfield>
    </datafield>
    <datafield tag="650" ind1=" " ind2="7">
      <subfield code="a">optical instruments.</subfield>
      <subfield code="2">aat</subfield>
    </datafield>
    <datafield tag="650" ind1=" " ind2="7">
      <subfield code="a">meteorological instruments.</subfield>
      <subfield code="2">aat</subfield>
    </datafield>
    <datafield tag="650" ind1=" " ind2="7">
      <subfield code="a">Meteorological instruments.</subfield>
      <subfield code="2">fast</subfield>
      <subfield code="0">(OCoLC)fst01018377</subfield>
    </datafield>
    <datafield tag="650" ind1=" " ind2="7">
      <subfield code="a">Optical instruments.</subfield>
      <subfield code="2">fast</subfield>
      <subfield code="0">(OCoLC)fst01046734</subfield>
    </datafield>
    <datafield tag="650" ind1=" " ind2="7">
      <subfield code="a">Scientific apparatus and instruments.</subfield>
      <subfield code="2">fast</subfield>
      <subfield code="0">(OCoLC)fst01108810</subfield>
    </datafield>
    <datafield tag="651" ind1=" " ind2="7">
      <subfield code="a">France.</subfield>
      <subfield code="2">fast</subfield>
      <subfield code="0">(OCoLC)fst01204289</subfield>
      <subfield code="1">https://id.oclc.org/worldcat/entity/E39PBJd8gD4vdtqQMdQHvYqbBP</subfield>
    </datafield>
    <datafield tag="655" ind1=" " ind2="7">
      <subfield code="a">Engravings.</subfield>
      <subfield code="2">aat</subfield>
    </datafield>
    <datafield tag="655" ind1=" " ind2="7">
      <subfield code="a">Scientific illustrations.</subfield>
      <subfield code="2">aat</subfield>
    </datafield>
    <datafield tag="776" ind1="0" ind2="8">
      <subfield code="i">Online version:</subfield>
      <subfield code="a">Chevallier, J.-G.-A. (Jean-Gabriel-Augustin), 1778-1848.</subfield>
      <subfield code="t">Conservateur de la vue.</subfield>
      <subfield code="b">2. éd., considérablement augm.</subfield>
      <subfield code="d">Paris, 1812</subfield>
      <subfield code="w">(OCoLC)1004244461</subfield>
    </datafield>
  </record>